000 02449nam0a2200385 4500
001 RU\NLR\BIBL_A\011942975
005 20190410115915.0
021 _aRU
_bКН-П-19-0284
_9КН-П-19-003885
035 _a(NLR Aleph) 011942975
035 _a(RuMoRGB)009815484
090 _a11102333
_c11102333
100 _a20190221d2018 k y0rusy50 ca
101 0 _arus
_aeng
_erus
_eeng
102 _aRU
105 _aa|||dm||000zy
200 1 _aОценка эффективности государственной поддержки малого предпринимательства
_dEfficiency assessment of state support for small business
_eдиссертация на соискание учёной степени кандидата экономических наук
_eспециальность: 08.00.05 - Экономика и управление народным хозяйством (экономика предпринимательства)
_fБыкова Наталья Витальевна
_gнаучный руководитель: доктор экономических наук, профессор Кузнецов Ю.В.
_gСанкт-Петербургский государственный университет
_zeng
210 _aСанкт-Петербург
_d2018
215 _a319 с.
_cил., табл.
_d21
300 _aАвт. также на англ. яз.: Bykova Natalya Vitalyevna
300 _aТекст парал. рус., англ.
320 _aБиблиогр.: с. 143-152 (193 назв.)
333 _aНа правах рукописи
510 1 _6z33790
_aEfficiency assessment of state support for small business
_zeng
606 1 _aПредпринимательство малое
_xГосударственная поддержка
_2nlr_sh1
_2nlr_sh2
_3RU\NLR\AUTH\661266006
686 1 _aУ5-13
700 1 _aБыкова
_bН. В.
_cканд. экон. наук
_gНаталья Витальевна
_3RU\NLR\AUTH\770204323
702 1 _aКузнецов
_bЮ.В.
_cд-р экон. наук
_f1947-
_gЮрий Викторович
_3RU\NLR\AUTH\7726609
_4727
712 0 2 _aСанкт-Петербургский государственный университет
_3RU\NLR\AUTH\8810043151
_4295
790 1 _6z33510
_aBykova
_bN.V.
_gNatal'ja Vital'evna
911 _a21108.00.05
942 _cDISS
980 _aNBR
980 _aNB